MARC
|
|
|
|
| LEADER |
00000nam0a2200000 4500 |
| 001 |
152057 |
| 005 |
20231101221612.0 |
| 035 |
|
|
|a (RuTPU)RU\TPU\book\164880
|
| 090 |
|
|
|a 152057
|
| 100 |
|
|
|a 20090128d1947 m y0rusy50 ca
|
| 101 |
0 |
|
|a rus
|
| 102 |
|
|
|a RU
|
| 105 |
|
|
|a y j 000zy
|
| 200 |
1 |
|
|a Качественный анализ
|e учебник
|f С. А. Шапиро
|
| 210 |
|
|
|a Москва
|a Ленинград
|c Госхимиздат
|d 1947
|
| 215 |
|
|
|a 164 с.
|
| 606 |
1 |
|
|a Качественный анализ
|2 stltpush
|3 (RuTPU)RU\TPU\subj\14163
|9 40626
|
| 610 |
1 |
|
|a учебники
|
| 610 |
1 |
|
|a аналитическая химия
|
| 610 |
1 |
|
|a ионы
|
| 610 |
1 |
|
|a катионы
|
| 610 |
1 |
|
|a анионы
|
| 675 |
|
|
|a 543.061(07)
|v 3
|
| 700 |
|
1 |
|a Шапиро
|b С. А.
|
| 801 |
|
1 |
|a RU
|b 63413507
|c 20090128
|g PSBO
|
| 801 |
|
2 |
|a RU
|b 63413507
|c 20140901
|g RCR
|
| 942 |
|
|
|c BK
|